| 000 | 01369cam a2200361 a 4500 | ||
|---|---|---|---|
| 001 | 14474453 | ||
| 003 | Nust- CAS-E | ||
| 005 | 20180118181352.0 | ||
| 008 | 060731s2007 mauab b 001 0 eng | ||
| 010 | _a 2006025215 | ||
| 020 |
_a0763742627 _c0763742621 |
||
| 020 | _a9780763742621 (pbk.) | ||
| 035 | _a(OCoLC)ocm70803543 | ||
| 035 | _a(OCoLC)70803543 | ||
| 040 |
_aDLC _cDLC _dBAKER _dC#P _dYDXCP _dBTCTA _dDLC |
||
| 050 | 0 | 0 |
_aGE105 _b.M39 2007 |
| 082 | 0 | 0 |
_a363.7 _222 _bMCK 2007 |
| 100 | 1 | _aMcKinney, Michael L. | |
| 245 | 1 | 0 |
_aEnvironmental science : _bsystems and solutions. |
| 250 |
_a4th ed. / _bMichael L. McKinney, Robert M. Schoch, Logan Yonavjak. |
||
| 260 |
_aSudbury, Mass. : _bJones and Bartlett Publishers, _cc2007. |
||
| 300 |
_axxviii, 642 p. : _bcol. ill., col. maps ; _c28 cm. |
||
| 504 | _aIncludes bibliographical references and index. | ||
| 650 | 0 | _aEnvironmental sciences. | |
| 650 | 0 |
_aPollution _xEnvironmental aspects. |
|
| 650 | 0 | _aEnvironmentalism. | |
| 700 | 1 | _aSchoch, Robert M. | |
| 700 | 1 | _aYonavjak, Logan. | |
| 856 | 4 | 1 |
_3Table of contents only _uhttp://www.loc.gov/catdir/toc/ecip0618/2006025215.html |
| 906 |
_a7 _bcbc _corignew _d1 _eecip _f20 _gy-gencatlg |
||
| 942 |
_2ddc _cBK |
||
| 999 |
_c355186 _d355186 |
||